| 000 | 00419nam a22001337a 4500 | ||
|---|---|---|---|
| 008 | 240612b xxu||||| |||| 00| 0 eng d | ||
| 020 | _a978-9914-50-551-1 | ||
| 082 |
_a361 _bCAL 2024 |
||
| 245 |
_aCalming the Storms: from Herdsboy to Speaker of the National Assembly _cFrancis Ole Kaparo |
||
| 246 | _aThe memoirs of Francis Ole Kaparo | ||
| 260 |
_aKenya _bFrancis Ole Kaparo _c2024 |
||
| 300 | _a194p | ||
| 942 |
_2ddc _cBK |
||
| 999 |
_c4040 _d4040 |
||